[Event "Turnier 40 / 120"]
[Site "DESKTOP-NL3KVDB"]
[Date "2023.03.07"]
[Round "28"]
[White "MCGE ARM CORTEX M7 - 300 MHZ"]
[Black "Mephisto Phönix Tasc R40 V 2.5 Aktiv - 40 MHZ"]
[Result "0-1"]
[BlackElo "2401"]
[WhiteElo "2405"]

{Analyse -----> Komodo 13.02.} 1. Nf3 d5 2. d4 c6 3. c4 Nf6 4. Nc3 dxc4 5.
e4 b5 6. e5 Nd5 7. a4 e6 8. Be2 {Buchende} Bb7 {Buchende} 9. axb5?
{Buchbewertung MCGE: -0,32 / gleich der 1. berechnete Zug ist ganz schwach,
danach hat Weiss praktisch gar nichts mehr für den geopferten Bauern und
Schwarz steht bereits klar besser, Komodo -0,90, es gibt mehrere bessere
Züge, z.B. Ld2, Se4 oder 0-0} Nxc3 {Buchbewertung Tasc R40 V 2.5 (man weiss
ja dass er manchmal Bauern gering einschätzt, aber dass er sich hier gar im
Nachteil sieht ist doch erstaunlich): -0,06} 10. bxc3 cxb5 11. Bg5 {das
bringt gar nichts für Weiss, Komodo -1,20, besser ist 0-0} Be7 12. Bxe7
Qxe7 {meiner Meinung nach ist die Stellung durch die Schwäche des Feldes
d5, wo in Zukunft wahlweise jede schwarze Figur hingehen kann bereits klar
verloren für Weiss und damit stehe ich nicht alleine da und habe sozusagen
prominente Unterstützung: Stockfish 15: -2,00 !!} 13. O-O O-O 14. Qd2 Nd7
{na logisch es beginnt bereits, dann kommt der Springer über b6 nach d5 und
das war es praktisch} 15. Qf4 {irgendwie versucht Weiss noch Gegenspiel zu
erlangen, indem er die Dame für einen Königsangriff in Stellung bringen
will, irgendwie verständlich, aber in diesem Fall eine schlechte Idee, die
die Lage nur verschlimmert, Komodo -1,80, besser ist noch Tfb1, aber wie
gesagt, meiner Meinung nach hier schon egal / Stockfish 15: -3,00 !!} Nb6
{sonnenklar} 16. Rfc1? {viel zu passiv, deutlich besser ist noch Tfb1,
allerdings muss ich sagen, ein hinterhältiger Plan von MCGE, denn hier will
er seinem Gegner Sand in die Augen streuen und schlägt ernsthaft 16. b4 ???
vor, was ihm wieder Chancen einräumen würde, da wird ihm der Tasc R40 aber
wohl etwas husten -:)} a5! {na logisch, der Vorschlag des MCGE kann ja
nicht ernsthaft angenommen werden, Komodo -3,00} 17. Nd2 Rfc8 18. Ne4 {pure
Verzweiflung hier irgendwie noch Gegenspiel zu erlangen, aber
logischerweise wird der Springer natürlich geschlagen, das Eindringen nach
d6 oder c5 ist ja bestenfalls ein Wunschtraum, Komodo -3,50, absurd ist an
dieser Stelle die Stellungsbewertung von MCGE: -0,39 ????, einfach
unfassbar, diese Blindheit} Bxe4 {alternativlos, auch Tasc R40 ist noch
viel zu vorsichtig in seiner Bewertung: +0,90, aber immerhin etwas
realistischer als der MCGE} 19. Qxe4 {ein Selbstläufer, denkt man, gegen b4
! ist natürlich kein Kraut mehr gewachsen, Komodo -4,00} Nd5? {sieht auch
logisch aus, ist aber ganz schwach und halbiert praktisch den Vorteil von
Schwarz, der aber natürlich trotzdem klar auf Gewinn steht, Komodo +2,00}
20. Qg4 {deutlich besser ist noch h4, hier gewinnt natürlich wieder b4,
Komodo -3,50} a4? {natürlich eindeutig der falsche Bauer, büsst 1,5
Bauerneinheiten !! ein, Komodo +2,00} 21. Bf3 a3? {das ist voreilig, immer
noch war b4 angesagt, klarerweise steht aber Schwarz immer noch klar
besser, Komodo +1,50} 22. Bxd5 exd5 23. Rcb1? {ein Verlustzug, deutlich
mehr Widerstand leistet noch Df3, Komodo -2,70} Rcb8 24. Rb4 Qe6? {ein
schlechter Zug, der den Vorteil von Schwarz fast halbiert, sofort gewonnen
hätte Ta4 mit +2,70, Komodo +1,50} 25. Qf3 Ra5 26. Ra2??? {ein Verlustzug
!!, es war angebracht vorausschauend ein Luftloch für den König zu schaffen
mittels h4, nach dem Textzug ist die Partie klar verloren, Komodo -3,00 mit
der Fortsetzung f6} f6! 27. Qe3 fxe5 28. dxe5 Qg6? {weit schwächer als Te8,
Komodo +1,80} 29. h3??? {ein absoluter Verlustzug, danach ist die Partie
sofort verloren, De4 musste verhindert werden mittels f3, Komodo -3,00}
Re8? {ein ganz schwacher Zug der den Gewinn unnötig erschwert, also dass
Schwarz hier auf De4 verzichtet ist schon erstaunlich, natürlich steht
Schwarz auch nach dem Textzug noch klar auf Gewinn, aber es erschwert
diesen doch, Komodo +2,00} 30. f4 Rc8 {besser ist Td8, Komodo +1,50} 31.
Kf2? {deutlich schwächer als Dd4, nach dem Textzug ist die Partie wieder
ganz klar verloren, Komodo -2,40} Rd8 32. Kg1??? {dazu verweigere ich den
Kommetar, danach kann man sofort den Stecker ziehen, der Rest ist mir kein
Wort mehr Wert, einfach INDISKUTABEL !!!!; Komodo -4,50, nötig war
natürlich Dd4} d4 33. cxd4 Qb6 34. Kh2 Qxd4 {Rest geschenkt} 0-1
[/pgn]
[pgn]

[Event "Turnier 40 / 120"]
[Site "DESKTOP-NL3KVDB"]
[Date "2023.03.07"]
[Round "29"]
[White "Mephisto Phönix Tasc R40 V 2.5 Aktiv - 40 MHZ"]
[Black "MCGE ARM CORTEX M7 - 300 MHZ"]
[Result "0-1"]
[BlackElo "2405"]
[WhiteElo "2401"]

{Analyse ----> Komodo 13.02.} 1. c4 Nf6 2. Nc3 e5 3. Nf3 Nc6 4. d4 exd4 5.
Nxd4 {Buchende} Bc5 6. Nxc6 {Buchbewertung Tasc R40 V 2.5: -0,03} bxc6
{Buchende} 7. e4 O-O {Buchbewertung MCGE: +0,28 / lt. Komodo ist die
Stellung steht Schwarz um eine Nuance besser mit ca. +0,20} 8. e5? {das ist
voreilig und nicht zu empfehlen, Komodo -0,80, besser ist Le2, lt. Komodo
ist der Bauer damit bereits verloren, er rechnet mit Tfe8, Le2, Txe5} Re8
9. Bf4 {nicht ideal besser ist es den Bauern gleich aufzugeben mittels Le2,
Komodo -1,00} d6 {auch nicht ideal besser ist Ld6, Komodo +0,60} 10. Be2
Ng4 11. O-O {vorzuziehen ist Lxg4, Komodo -1,00} Nxe5 12. Qd2 Ng6 13. Bg5?
{ein schlechter Zug, deutlich besser ist Lg3, Komodo -1,20} f6 14. Be3?
{ein schlechter Zug, danach bekommt Weiss natürlich einen schwachen
Isolani, nach dem Textzug ist die Partie praktisch schon verloren, Komodo
-1,70, besser ist Lf4} Bxe3 15. fxe3 Qe7 16. e4 Qe5 17. Kh1 Rb8 18. a3 a5
19. Rad1 Rb7 20. Rf3? {ein ganz schlechter Zug, danach ist die Partie
bereits klar verloren, Komodo -2,70, deutlich mehr Widerstand leistet noch
Tb1} Bg4 21. Rg3 Bh5 22. Bxh5 Qxh5 23. Rf1 Qc5 24. Qe2 Rbb8 25. Na4 Qd4 26.
Nc3 Re7 27. Rd1 Qa7 28. Rf1 Qc5 29. Na4 Qd4 30. Nc3 Ree8 31. Rd1 Qc5 32.
Na4 Qe5 33. Re3 Nf4 34. Qd2 Ne6 35. Ree1 Nc5 {besser ist Sg5, Schwarz
bleibt aber klar im Vorteil, Komodo +2,10} 36. Nxc5 Qxc5 37. Rc1 Rb3 38.
Rc3 Rb7 39. Re2 Rb6 40. Qc2 Reb8 41. Qc1 Rb3 42. Rxb3 Rxb3 43. Qc2 a4 44.
g3 Qh5 45. Kg1 Qe5??? {ein ganz schlechter Zug, der den Vorteil von Schwarz
halbiert, Komodo +1,60, nötig war c5 mit ca. +3,00} 46. c5! {na klar} Qd4+
47. Kf1 Qxc5 {besser ist Tf3+} 48. Qxc5 dxc5 49. Rc2 Kf8 50. Kg1? {ein
schlechter Zug, deutlich besser ist Txc5, Komodo -2,20} Rb5 51. Kf2 Ke7 52.
Ke3 Rb3+? {das bringt gar nichts, besser ist Ke6, Komodo +1,50} 53. Kf4 Kd6
54. h4 h5 55. Rd2+ Ke6 56. Rc2 Rb5 57. g4 hxg4 58. Kxg4 Ke5 59. Kh5 g5! 60.
hxg5 fxg5 61. Kxg5 Kxe4 62. Kg4 Kd3 63. Rc3+ Kd2 64. Rc4 Rxb2 {da ist
nichts mehr zu retten für Weiss, Komodo -9,00} 65. Rxa4 Kd3 66. Rf4 c4 67.
Rf3+ Kc2 68. Kf4 c3 69. Ke3 Ra2 70. Kd4 Rxa3 71. Rf7 Kd2 72. Rf2+ Kc1 73.
Kc5 c2 {Rest geschenkt} 0-1
[/pgn]
[pgn]

[Event "Turnier 40 / 120"]
[Site "DESKTOP-NL3KVDB"]
[Date "2023.03.08"]
[Round "30"]
[White "MCGE ARM CORTEX M7 - 300 MHZ"]
[Black "Mephisto Phönix Tasc R40 V 2.5 Aktiv - 40 MHZ"]
[Result "1/2-1/2"]
[BlackElo "2401"]
[WhiteElo "2405"]

{Analyse ----> Komodo 13.02.} 1. e4 d5 2. exd5 Qxd5 3. Nc3 Qa5 4. d4 Nf6 5.
Nf3 c6 6. Bd2 Bf5 7. Bc4 e6 8. Qe2 Bb4 {Buchende} 9. O-O-O {Buchende} b5
{Buchbewertung Tasc R40 V2.5: -0,80} 10. Bb3 {Buchbewertung MCGE: +0,37 lt.
Komodo steht Weiss knapp besser mit ca. +0,30} Nbd7 11. Nh4 Bg6 12. Nxg6
hxg6 13. Bxe6? {interessant vielleicht aber NICHT korrekt, dieses Opfer
bringt Schwarz in Vorteil, Komodo -0,60, da gab es jede Menge bessere Züge
z.B. h4, g4, Kb1, d5 ....., eine schlechte Wahl !} fxe6 14. Qxe6+ Kd8?
{eindeutig das falsche Feld, der König gehört nach f8, nach dem Textzug ist
die Stellung im Lot, Komodo 0,00} 15. Qxc6 Rb8 16. a3 Bxc3 17. Bxc3 Qc7 18.
d5 Rh5 {weniger gut, danach ist Weiss etwas im Vorteil, Komodo -0,60,
besser ist a5 mit Ausgleich} 19. Kb1 {nicht optimal, danach ist die
Stellung wieder im Lot, besser ist entweder De6 oder g4} Rg5??? {ein
Verlustzug, danach ist die Partie bereits verloren, Komodo -2,50 mit der
Fortsetzung De6, nötig war Sxd5 mit Ausgleich} 20. Bd2? {MCGE verpasst die
Chance, nach dem Textzug steht Weiss noch etwas besser, Komodo +0,80} Rf5
{nicht optimal, besser ist Txg2, Komodo -1,10} 21. Rhe1? {das ist einfach
zahnlos und ganz schwach, verschenkt jeglichen Vorteil, danach ist die
Stellung wieder im Lot, deutlichen Vorteil versprach g4} Rc8? {ein
schwacher Zug, der Weiss wieder die Möglichkeit gibt in Vorteil zu
gelangen, Komodo -1,00 mit der Fortsetzung De6, den Einschlag Dxc2+
verkraftet Weiss.} 22. Qxc7+??? {ein grottenschlechter Zug, der die
Vorzeichen umkehrt, danach ist Schwarz bereits im Vorteil, Komodo -0,70
(büsst ca. 1,50 Bauerneinheiten ein).} Kxc7 23. d6+? {ein schlechter Zug,
danach ist Schwarz bereits klar im Vorteil, Komodo -1,20, deutlich besser
ist noch Te7} Kxd6? {nicht optimal, halbiert den Vorteil von Schwarz,
Komodo +0,60, deutlich besser ist Kc6} 24. Bf4+ Kc5 25. Be3+ Kc6 26. Bxa7
Rh8 27. h3 Rg5 28. Rg1? {ein schlechter Zug, danach ist Schwarz klar im
Vorteil, Komodo -1,00 mit der Fortsetzung Te8, nötig war Te6+ mit
annäherndem Ausgleich} Re8 29. Be3 Rge5 30. Rd3 Nc5 31. Rd2 Nce4 32. Rd3
Nd5 33. Rd4??? {ein Verlustzug !!!, MCGE verwirft im allerletzten Moment
den klar besseren Zug Ld4, nach dem Textzug ist die Partie einfach
verloren, Komodo -1,30} Nxe3 34. fxe3 Nd6 35. a4 Nf5 36. Rb4 Nxe3 37. Rxb5
Rxb5 38. axb5+ Kxb5 39. Re1 g5 40. Kc1 Kb4 41. Re2 g4 42. Re1 gxh3? {ein
ganz schlechter Zug, der den Gewinn in weite Ferne rückt, nötig war g3} 43.
gxh3 g5 {lt. Stockfish 15 ist es bereits Remis, Komodo sieht noch geringen
Vorteil für Schwarz} 44. Kb1?? {völlig daneben, danach ist Schwarz wieder
klar im Vorteil, Komodo -1,20, nötig war Te2 und lt. Stockfish 15 wäre es
damit bereits Remis} Re4? {lt. Komodo bleibt Schwarz im Vorteil mit ca.
+0,80, lt. Stockfish 15 verschenkt dieser Zug gleich wieder den Vorteil und
es ist wieder Remis, Stockfish 15: 0,00} 45. Kc1 Re5 46. Kb1??? {neuerlich
der selbe Verlustzug, nötig war Te2, lt. Stockfish 15, ist damit bereits
alles aus, -3,00, Komodo sieht es nicht ganz so dramatisch aber auch schon
mit -1,50} Kc5 47. Rg1 Kc6??? {der Rückzug des Königs ist natürlich
völliger Unsinn und verschenkt wieder einen Grossteil des Vorteiles,
natürlich nötig ist Kd4, Komodo +0,80} 48. b3 Nd5 49. Kb2 Nf4 50. Rg3 Kc5
51. Ka3 Kd4 52. Kb4 Kd5 53. Ka4 Rf5 54. Kb4? {ganz schwach, nach c4+ wäre
Weiss schon dem Ausgleich nahe gekommen, nach dem Textzug ist Schwarz
wieder klar im Vorteil, Komodo -1,10} Ke4 55. c4 Nd3+? {nicht optimal,
deutlich besser ist Se6, Komodo +0,50} 56. Kc3 Nf2 57. b4! Kf4 58. Rg1 Ke5
59. Kb3?? {völlig unverständlich einfach ein Tempoverlust, b5 hätte bereits
das Remis bereits gesichert, nach dem Textzug ist Schwarz wieder im
Vorteil, Komodo -1,00} Rf3+ 60. Ka4 Nxh3 61. Re1+? {bei diesem Zug tue ich
mir schwer ein Fragezeichen zu vergeben, denn unglaublicherweise braucht
selbst Komodo 13.02, 10 Minuten 28 Sekunden um draufzukommen, dass Tg2
deutlich besser ist solange hatte er Te1+ als besten Zug, ich muss leider
trotzdem ein Fragezeichen vergeben, da es ein absoluter Verlustzug ist,
danach ist die Partie klar verloren, Stockfish 15 bewertet das nach wenigen
Sekunden schon mit -3,50, aber MCGE kann man schwer einen Vorwurf machen,
denn wie gesagt, selbst Komodo braucht ewig dafür, nach Tg2 hätte Weiss lt.
Stockfish 15 wohl noch Remis halten können.} Kd4 62. c5 g4??? {das ist
voreilig und verschenkt den Sieg, danach ist die Partie Remis, gewonnen
hätte Tc3} 63. Rd1+ Ke5 64. b5 Rf4+ 65. Ka5 Rc4 66. b6 Rxc5+ 67. Ka6 Rc6
68. Ka7 Rc3 69. b7 Ra3+ 70. Kb8 g3 71. Rb1 Kf6 72. Kc8 Re3 73. Kd8 Kf7 74.
Rf1+ Nf2 75. b8=Q Re8+ 76. Kc7 Rxb8 77. Kxb8 1/2-1/2
[/pgn]
[pgn]

[Event "Turnier 40 / 120"]
[Site "DESKTOP-NL3KVDB"]
[Date "2023.03.08"]
[Round "31"]
[White "Mephisto Phönix Tasc R40 V 2.5 Aktiv - 40 MHZ"]
[Black "MCGE ARM CORTEX M7 - 300 MHZ"]
[Result "1/2-1/2"]
[BlackElo "2405"]
[WhiteElo "2401"]

{Analyse ---> Komodo 13.02.} 1. c4 Nf6 2. Nf3 e6 3. d4 b6 4. g3 Ba6 5. b3
{Buchende} b5 6. cxb5 {Buchbewertung Tasc R40 V 2.5: +0,39} Bxb5 7. Bg2 d5
{Buchende} 8. a3 Ne4 {Buchbewertung MCGE: +0,03 / lt. Komodo steht Weiss
besser mit ca. +0,60} 9. Qc2 c5 10. Nc3 Nxc3 11. Qxc3 Nd7 12. dxc5 Nxc5 13.
Nd4 Bd7 14. Bf4 Rc8 15. O-O Ne4 16. Qd3 Rc3 17. Qa6 Qc8 18. Qa5 Qc5 19. Qb4
a5 20. Qb8+ Qc8 21. Qxc8+ Rxc8 22. Rac1 Bxa3 23. Rxc8+ Bxc8 24. Bxe4 dxe4
25. Nc6 Bb7 26. Nxa5 Bd5 27. Ra1 Bb4 28. Ra4 Bxa5 29. Rxa5 O-O 30. b4 Rc8
31. b5 Rc4 32. b6 Rb4 33. Be3 h6 34. Rc5 Kh7 35. Rc8 Rb2 36. Bd4 Rxe2 37.
Kf1 Rd2 38. Be5? {weniger gut, danach ist Schwarz etwas im Vorteil, Komodo
-0,70 mit der Fortsetzung e3, nötig war Le3 mit Ausgleich} f6? {das bringt
allerdings keinerlei Vorteil für Schwarz, die Stellung ist wieder im Lot}
39. Bc3 Rd1+ 40. Ke2 Rb1 41. Bd4 e5 42. Bc5 Rb2+ 43. Kd1 g5 44. Rd8 Bc4 45.
h4 gxh4 46. gxh4 h5 47. Rc8 Kg6 48. Kc1 Rb5 49. Be3 Bb3 50. Rh8 Be6 51. Kd2
Bf7 52. Rc8 Rb2+ 53. Kc1 Rb3 54. Rf8? {ein schwacher Zug, danach ist
Schwarz im Vorteil, Komodo +1,20 mit der Fortsetzung f5} f5 55. Rc8? {ein
ganz schwacher Zug, danach ist die Partie praktisch verloren, Komodo -2,20,
deutlich mehr Widerstand leistet Lc5} f4 56. Bc5 Bd5 57. Kc2 Rb5 58. Kd2
e3+? {weit schwächer als Kf5, halbiert den Vorteil von Schwarz, Komodo
+1,50, nach Kf5 wäre Schwarz bereits entscheidend mit +3,00 im Vorteil
gewesen.} 59. fxe3 f3 60. e4 Bxe4 61. Ke1 Kf5 62. Rf8+ Kg4 63. Bf2 Bd5 64.
Rc8 {die Stellung ist klar verloren für Weiss, Komodo -4,50} Rb1+ 65. Kd2
Kh3! 66. Rc5 Kg2 67. Rxd5 Kxf2 68. Rxe5 Kg3 69. Rg5+ Kxh4 70. Rf5 Kg3
{Komodo +10,00} 71. Rg5+ Kf4 72. Rg7 Rxb6??? {ein absoluter HORRORZUG, der
den Sieg verschenkt, um ganze 10 Bauerneinheiten !!! schlechter als h4,
danach ist die Partie Remis, unglaublich !!!} 73. Ke1 Rb2 74. Rf7+ Kg3 {die
beiden Geräte haben keine Ahnung von dieser Stellung und glauben an einen
Sieg von Schwarz, MCGE: +2,67 / Tasc R40: -2,35, tatsächlich ist es Remis,
Komodo 0,00} 75. Rg7+ Kh4 76. Kf1 Kh3 77. Rf7 Kg3 78. Rg7+ {nichts mehr zu
machen, Userentscheid: Remis} 1/2-1/2
[/pgn]
[pgn]

[Event "Turnier 40 / 120"]
[Site "DESKTOP-NL3KVDB"]
[Date "2023.03.09"]
[Round "32"]
[White "MCGE ARM CORTEX M7 - 300 MHZ"]
[Black "Mephisto Phönix Tasc R40 V 2.5 Aktiv - 40 MHZ"]
[Result "1-0"]
[BlackElo "2401"]
[WhiteElo "2405"]

{Analyse ---> Komodo 13.02.} 1. e4 c6 2. Nf3 d5 3. Nc3 Bg4 {Buchende} 4. d4
e6 {Buchbewertung Tasc R40 V 2.5: -0,62} 5. Be2 {Buchende} Bb4 6. e5
{Buchbewertung MCGE: +0,25 / lt. Komodo ist die Stellung etwa gleich} Ne7
7. O-O Nd7 8. Bg5 f6 9. exf6 gxf6 10. Bd2 Qb6 11. Bf4 Ng6 12. Bg3 Bxf3 13.
Bxf3 e5 14. dxe5 fxe5 15. Na4 Qa5? {besser ist Da6, nach dem Textzug ist
Weiss etwas im Vorteil, Komodo +1,00 mit der Fortsetzung c4} 16. c4! b5??
{ein Verlustzug, danach ist die Partie praktisch schon verloren, Komodo
-1,90 mit der Fortsetzung cxb5, nötig war dxc4} 17. cxb5 Qxb5 18. Be2
{besser ist Tc1, Komodo +1,50} Qb7 19. Rc1 O-O 20. Qb3 Rab8 21. a3 Bd2 22.
Qxb7 Rxb7 23. Rxc6 Rf6 24. Rc8+ Kg7 25. Nc5? {nicht optimal, besser ist
Tc2, Komodo +1,00} Nxc5 26. Rxc5 Nf4? {ein schlechter Zug, der Weiss wieder
deutlich in Vorteil bringt, Komodo -1,60, deutlich besser ist Txb2} 27.
Bxf4 Rxf4 28. Rxd5 Rxb2 29. Rxe5 Bc3 30. Re8 Bd4 31. g3 Rf7 32. Re4 Rd2 33.
Kg2 a5 34. a4 Kf8 35. Bf3 Rc7 36. Rf4+ Kg7 37. Be4 Re7 38. Rg4+ Kh8 39. Bd5
Re8 40. Bf3 Rb8 41. Rh4? {deutlich besser ist Tf4, hier könnte Schwarz
etwas Gegenspiel mittels T8b2 erlangen, allerdings steht natürlich Weiss
trotzdem klar besser, Komodo +1,50} Rb4? {klar schwächer als T8b2, Komodo
-2,00} 42. Be4 Rxa4?? {ein Verlustzug, danach ist alles vorbei, Komodo
-3,50 mit der Fortsetzung Tc1, immer noch war T4b2 angesagt} 43. Rxh7+
{noch stärker war Tc1, aber das ist natürlich klar verloren für Schwarz,
gegen 3 geschlossene Freibauern ist kein Kraut mehr gewachsen auch nicht
bei unterschiedlichen Läufern} Kg8 44. Rd7 Kf8 45. Bg6 Rc4 46. Kh3 {besser
ist Tf7+, aber auch diese Fortsetzung reicht locker zum Gewinn, Komodo
+3,00} Rc8 47. Rb1 Bc3 48. Rf7+ Kg8 49. Rbb7 Ra8??? {ein grottenschlechter
Zug, der den Untergang extrem beschleunigt, Komodo -9,00, deutlich mehr
Widerstand leistet noch Tb2 mit ca. -3,50} 50. f4? {bei Weitem nicht das
Beste, deutlich stärker ist entweder Lh7+ oder Tf5, aber natürlich gewinnt
auch das, Komodo +4,00} Rd6 51. Bh7+ Kh8 52. Be4 Rh6+ 53. Kg2 Rd8 54. h4
Bd4 55. Rf5 Bc3 56. Ra7 Rhd6 57. Rff7 Rd1 58. Rfc7 Bb4 {mehr Widerstand
leistet noch Lf6, aber es spielt hier keine Rolle mehr, Komodo -10,00} 59.
Bc2 R1d2+ 60. Kh3 a4 61. Bxa4 R2d3 62. Rh7+ Kg8 63. Rag7+ Kf8 64. Rb7 Kg8
65. Bc2 Bf8 66. Bxd3 1-0
[/pgn]
[pgn]

[Event "Turnier 40 / 120"]
[Site "DESKTOP-NL3KVDB"]
[Date "2023.03.09"]
[Round "33"]
[White "Mephisto Phönix Tasc R40 V 2.5 Aktiv - 40 MHZ"]
[Black "MCGE ARM CORTEX M7 - 300 MHZ"]
[Result "0-1"]
[BlackElo "2405"]
[WhiteElo "2401"]

{Analyse ---> Komodo 13.02.} 1. d4 Nf6 2. Nf3 g6 3. c4 Bg7 4. Nc3 d5 5. Qb3
c6 6. cxd5 cxd5 7. Bg5 e6 8. e3 O-O 9. Bd3 Nc6 {Buchende} 10. h3 b6
{Buchbewertung MCGE: -0,28} 11. O-O {Buchende} Bb7 12. Rac1 {Buchbewertung
Tasc R40 V 2.5: +0,63 / lt. Komodo steht Weiss besser mit ca. +0,60} Qe7
13. Ne5 Rfc8 14. Bb5 Na5 15. Qa4 a6 16. Bd3 Nc4 17. Bxc4 dxc4 18. Ng4 h5
19. Nxf6+ Bxf6 20. Bxf6 Qxf6 21. Qb4 b5 22. f4 {nicht ideal, besser ist
Tfd1 mit Ausgleich, Komodo -0,60} Qd8 23. a4 Bc6 24. axb5 axb5 25. Rcd1 Qf8
26. Qxf8+ Kxf8 27. d5 exd5 28. Nxd5? {ein schlechter Zug, danach ist
Schwarz bereits klar im Vorteil, Komodo -1,50 mit der Fortsetzung Td8,
nötig war f5 mit ca. -0,70} Bxd5? {so allerdings nicht, gibt postwendend
praktisch den gesamten Vorteil wieder ab, die Stellung ist wieder im Lot}
29. Rxd5 b4 30. Rb5 {besser ist f5, Komodo -0,70} Rcb8 31. Rxb8+ Rxb8 32.
f5? {ein schwacher Zug, danach ist Schwarz wieder klar im Vorteil, Komodo
-1,50, deutlich besser ist Kf2} gxf5 33. Rc1 Rc8 34. Kf2 h4 {klar schwächer
als Ke7, Komodo +1,30} 35. Ke2 Ke7 36. Kd2? {ein ganz schlechter Zug,
danach ist die Partie praktisch schon verloren, Komodo -2,20, deutlich
besser ist Td1} Ke6 37. Rf1 Rg8 38. Rf2 Rg3 39. Re2 {die Stellung ist klar
verloren für Weiss, Komodo -5,00} Kd5 40. Rf2 Ke5 41. Ke2 b3! {MCGE macht
alles richtig, Komodo +6,00} 42. Kd2 f6 43. Kc3 f4 44. Kxc4 fxe3 45. Re2
Ke4 {Komodo +10,00} 46. Kc3 Rg7 47. Re1 Rxg2 {Rest geschenkt} 0-1
[/pgn]
[pgn]